000 00919nam a2200229 a 4500
001 BRCA_3773
005 20190320204423.0
008 281009s2001----cn-a---###---#000-0#fre-#
020 _a2551213541 (Musée du Québec)
020 _a2901421113 (Musée National de la Marine)
041 _afre
044 _acn
050 4 _aBL300
_b.G46 2001
245 1 0 _aLes Génies de la Mer
_bChefs-d´oeuvre de la Sculpture Navale du Musée National de la Marine a Paris.
260 _aQuébec : París
_bMusée du Québec : Musée National de la Marine
_c2001
300 _a166 p.
_bil. (algunas a color)
_c27 cm.
500 _aCatálogo de la exposición realizada en el Museo de Québec (Québec, Canadá), 11 octubre, 2001 - 17 marzo, 2002 y en el Museo Nacional de la Marina (París), 2003
504 _aBibliografía: p. 165-166
650 1 4 _aMitología
_99838
650 1 4 _aSirenas (Mitología)
_92570
942 _2lcc
_cB
999 _c3502
_d3502